Dynamická rovnováha na trhu s dominantnou firmou

Analýza kín v Slovenskej republike. Návštevnosť vodcu a nasledovníkov. Saturácia dopytu po kinopredstaveniach. Model statickej rovnováhy pri dominantnej firme.

Saved in:
Bibliographic Details
Main Author: Grisáková, Nora, 1978-
Other Authors: Domonkos, Tomáš
Format: Book Chapter
Language:Slovak
Subjects:
Tags: Add Tag
No Tags, Be the first to tag this record!

MARC

LEADER 00000nla a2200000 4500
001 0167643
005 20240603074023.1
041 0 |a slo 
044 |a SK 
245 1 0 |a Dynamická rovnováha na trhu s dominantnou firmou  |c Nora Grisáková, Tomáš Domonkos 
520 |a Analýza kín v Slovenskej republike. Návštevnosť vodcu a nasledovníkov. Saturácia dopytu po kinopredstaveniach. Model statickej rovnováhy pri dominantnej firme. 
610 2 0 |a rovnováha dynamická 
610 2 0 |a trh 
610 2 0 |a firmy 
610 2 0 |a film 
610 2 0 |a modely 
610 2 0 |a náklady 
610 2 0 |a kapitál 
100 1 |a Grisáková, Nora, 1978- 
700 1 |a Domonkos, Tomáš